| 000 | 01260nam0a22003131 4500 | ||
|---|---|---|---|
| 001 | rc\4416973 | ||
| 005 | 20130416153627.4 | ||
| 021 |
_aRU _bРг5716-61 |
||
| 035 | _a(NLR Aleph) 008305280 | ||
| 090 |
_a8661945 _c8661945 |
||
| 100 | _a20130416d1961 |||y0rusy50 ca | ||
| 101 | 0 | _arus | |
| 102 | _aRU | ||
| 105 | _aa j ||||| | ||
| 200 | 1 |
_aЗадачник по начертательной геометрии _fПод общ. ред. доц. Н.Н. Брызгалова _gМ-во высш. образования СССР. Моск. ордена Ленина энергет. ин-т. Кафедра начертательной геометрии и черчения |
|
| 210 |
_aМосква _cБ. и. _d1961 |
||
| 215 |
_a90 с. _cчерт. _d31 |
||
| 300 | _aЛитогр. | ||
| 300 | _aПеред загл. авт.: В.Д. Астахов, И.С. Блинов, Н.Н. Брызгалов, А.А. Корытин | ||
| 701 | 1 |
_aБлинов _bИ. С. |
|
| 701 | 1 |
_aКорытин _bА. А. |
|
| 701 | 1 |
_aАстахов _bВ. Д. |
|
| 701 | 1 |
_aБрызгалов _bН. Н. _4340 |
|
| 712 | 0 | 2 | _aМосковский энергет. ин-т |
| 801 | 0 |
_aRU _bNLR _gpsbo |
|
| 801 | 1 |
_aRU _bELAR _2rusmarc |
|
| 852 |
_aNLR _j61-9/99 |
||
| 942 | _cBOOK | ||
| 980 | _aNB | ||